Industrial Land Values - 2022 (Record no. 121329)
[ view plain ]
| 000 -LEADER | |
|---|---|
| fixed length control field | 00878nam a22002057a 4500 |
| 001 - CONTROL NUMBER | |
| control field | 121328 |
| 008 - FIXED-LENGTH DATA ELEMENTS--GENERAL INFORMATION | |
| fixed length control field | 230124s2022 |||||o|||| 00| 0 eng d |
| 110 ## - MAIN ENTRY--CORPORATE NAME | |
| 9 (RLIN) | 1530 |
| Corporate author | Knight Frank |
| 245 ## - TITLE STATEMENT | |
| Title | Industrial Land Values - 2022 |
| Statement of responsibility, etc | [Electronic resource] |
| 260 ## - PUBLICATION INFORMATION | |
| Publisher | Knight Frank, |
| Date | 2022 |
| 520 ## - ABSTRACT | |
| Abstract | Prices paid for industrial land in the UK have grown significantly over the past few years. Knight Frank seek the reasons why, aim to quantify the increase, and establish the trajectory of future growth. |
| 650 ## - KEYWORDS | |
| Keywords | Commercial Property |
| 650 ## - KEYWORDS | |
| Keywords | Industrial Land |
| 650 ## - KEYWORDS | |
| Keywords | Market Data |
| 651 ## - SUBJECT ADDED ENTRY--GEOGRAPHIC NAME | |
| Geographic name | United Kingdom |
| 690 ## - LOCAL SUBJECT ADDED ENTRY--TOPICAL TERM (OCLC, RLIN) | |
| 9 (RLIN) | 6227 |
| Topical term or geographic name as entry element | Commercial property |
| 700 ## - ADDED PERSONAL NAME | |
| Added personal author | Williams, Claire |
| 710 ## - ADDED CORPORATE NAME | |
| 9 (RLIN) | 1530 |
| Added corporate author | Knight Frank |
| 856 ## - ONLINE RESOURCE | |
| Uniform Resource Identifier | https://content.knightfrank.com/research/2504/documents/en/industrial-land-values-research-2022-9242.pdf |
| Public note | Available on knightfrank.com |
| Withdrawn status | Lost status | Source of classification or shelving scheme | Damaged status | Not for loan | Home library | Current library | Date acquired | Total Checkouts | Date last seen | Price effective from | Koha item type |
|---|---|---|---|---|---|---|---|---|---|---|---|
| Dewey Decimal Classification | Virtual | Virtual | 24/01/2023 | 24/01/2023 | 24/01/2023 | Online material |